00403 2200157 4500001002100000005001500021035002000036245005800056100001700114300002700131260003100158082000800189084001400197020002200211990001200233INLIS00000000000267420250903095907 a0010-09250000211 aYuk, Jaga Kesehatan Bersama /cDr. Ellen Wijaya, Sp.A0 aEllen Wijaya a50 hlm ;c14,5 x 21 cm aJakarta :bErlangga,c2022 a600 a600 ELL y a978-623-266-560-6 a0755348